[Event "MCR mladeze 2014, D14"]
[Site "Kouty nad Desnou"]
[Date "2014.03.14"]
[Round "8"]
[White "Zlamana, Anna"]
[Black "Koci, Tereza"]
[Result "1/2-1/2"]
[WhiteElo "1489"]
[BlackElo "1473"]
[PlyCount "53"]
[EventDate "2014.??.??"]

1. e4 c5 2. Nf3 e6 3. b3 d5 4. exd5 exd5 5. d4 Nf6 6. Bb2 b6 7. Be2 Be7 8. O-O
O-O 9. Ne5 Bb7 10. Bf3 Nbd7 11. c4 Qc7 12. Re1 dxc4 13. Nxc4 Bxf3 14. Qxf3 Rfe8
15. Nba3 Rac8 16. d5 a6 17. Rad1 Bd6 18. Nxd6 Rxe1+ 19. Rxe1 Qxd6 20. Rd1 b5
21. Nc2 Re8 22. Ne3 g6 23. h4 Ne5 24. Bxe5 Rxe5 25. g4 Kg7 26. h5 Rg5 27. Kh1
1/2-1/2

[Event "MCR mladeze 2014, D14"]
[Site "Kouty nad Desnou"]
[Date "2014.03.14"]
[Round "8"]
[White "Vavrinkova, Eliska"]
[Black "Ambrozova, Lucie"]
[Result "0-1"]
[WhiteElo "1488"]
[BlackElo "1480"]
[PlyCount "78"]
[EventDate "2014.??.??"]

1. d4 d5 2. Nf3 Nf6 3. c4 e6 4. cxd5 exd5 5. Nc3 Be7 6. Bg5 O-O 7. Qc2 h6 8.
Bh4 b6 9. e3 Bb7 10. Bd3 c5 11. b3 Nbd7 12. O-O Rc8 13. dxc5 bxc5 14. Qb2 d4
15. exd4 Bxf3 16. gxf3 cxd4 17. Ne4 Ne5 18. Nxf6+ Bxf6 19. Bxf6 Nxf3+ 20. Kg2
Qxf6 21. Qe2 Nh4+ 22. Kh3 Rc3 23. Qe4 Ng6 24. Rad1 Qg5 25. f4 Qh4+ 26. Kg2 Rd8
27. f5 Qxe4+ 28. Bxe4 Ne7 29. Rf3 Rxf3 30. Kxf3 g5 31. Kg4 Kg7 32. Rf1 Nd5 33.
Re1 d3 34. Bxd5 Rxd5 35. Rd1 Kf6 36. Kh5 Rxf5 37. Rxd3 Rf4 38. Rd6+ Kg7 39.
Rxh6 Rh4+ 0-1

[Event "MCR mladeze 2014, D14"]
[Site "Kouty nad Desnou"]
[Date "2014.03.14"]
[Round "8"]
[White "Brunova, Blanka"]
[Black "Kalinova, Eliska"]
[Result "1-0"]
[WhiteElo "1568"]
[BlackElo "1312"]
[PlyCount "75"]
[EventDate "2014.??.??"]

1. e4 e6 2. d4 d5 3. Nc3 Nf6 4. Bd3 Be7 5. e5 Nfd7 6. Qg4 g6 7. Nge2 c5 8. Bb5
a6 9. Bxd7+ Nxd7 10. Bf4 b5 11. a3 Qb6 12. Be3 Bb7 13. O-O c4 14. Bg5 f6 15.
exf6 Bxf6 16. Nf4 O-O-O 17. Bxf6 Nxf6 18. Qxe6+ Qxe6 19. Nxe6 Rde8 20. Nc5 Rhf8
21. Rae1 Ng4 22. Rxe8+ Rxe8 23. Nxb7 Kxb7 24. Nxd5 Kc6 25. Nc3 a5 26. f3 Nf6
27. Kf2 b4 28. axb4 axb4 29. Nd1 Kd5 30. c3 bxc3 31. bxc3 Rf8 32. Ne3+ Kc6 33.
Nxc4 Ne4+ 34. Ke3 Nxc3 35. Rc1 Nd5+ 36. Ke4 Re8+ 37. Ne5+ Kd6 38. Rc6+ 1-0

[Event "MCR mladeze 2014, D14"]
[Site "Kouty nad Desnou"]
[Date "2014.03.14"]
[Round "8"]
[White "Bierska, Adela"]
[Black "Vlkova, Anezka"]
[Result "0-1"]
[WhiteElo "1472"]
[BlackElo "1440"]
[PlyCount "54"]
[EventDate "2014.??.??"]

1. e4 e5 2. d4 exd4 3. c3 dxc3 4. Bc4 cxb2 5. Bxb2 Bb4+ 6. Nc3 Nc6 7. Nf3 d6 8.
O-O Nge7 9. Ng5 Ne5 10. Bb3 h6 11. f4 Bc5+ 12. Kh1 hxg5 13. fxe5 Be6 14. h3 Qd7
15. exd6 Bxb3 16. Qf3 g4 17. Qf4 Bxd6 18. Qg5 Be6 19. Rad1 gxh3 20. g3 Qc6 21.
Nd5 Bxd5 22. exd5 Qc2 23. Rd2 Qe4+ 24. Kh2 Bb4 25. Rdf2 Be1 26. Qxg7 O-O-O 27.
Qxf7 Bxf2 0-1

[Event "MCR mladeze 2014, D14"]
[Site "Kouty nad Desnou"]
[Date "2014.03.14"]
[Round "8"]
[White "Kopcova, Ludmila"]
[Black "Vitova, Anna"]
[Result "1/2-1/2"]
[WhiteElo "1618"]
[BlackElo "1575"]
[PlyCount "31"]
[EventDate "2014.03.08"]

1. e4 c5 2. Nf3 a6 3. c4 d6 4. d4 cxd4 5. Nxd4 Nf6 6. Nc3 e6
7. Bd3 Be7 8. O-O O-O 9. Be3 Nc6 10. b3 Bd7 11. Rc1 Qa5 12. f3 Qh5 13. Qe1 e5
14. Nc2 Rac8 15. Qd2 Qg6 16. Rfd1 1/2-1/2

[Event "MCR mladeze 2014, D14"]
[Site "Kouty nad Desnou"]
[Date "2014.03.14"]
[Round "8"]
[White "Volaninova, Sarka"]
[Black "Kratochvilova, Kristyna"]
[Result "1-0"]
[WhiteElo "1556"]
[BlackElo "1461"]
[PlyCount "83"]
[EventDate "2014.03.08"]

1. d4 Nf6 2. c4 c5 3. Nf3 d6 4. Bg5 Bg4 5. dxc5 Qa5+ 6. Nc3 Ne4 7. Bd2 Nxd2 8.
Qxd2 Qxc5 9. Qd5 Nc6 10. e3 Qxd5 11. Nxd5 Rc8 12. Be2 g6 13. h3 Bxf3 14. gxf3
Bg7 15. Rb1 O-O 16. O-O e6 17. Nf4 Be5 18. Nd3 f5 19. b3 Rcd8 20. Nxe5 Nxe5 21.
f4 Nc6 22. Bf3 Nb4 23. a3 Nc2 24. Rfc1 Nxa3 25. Ra1 Nxc4 26. Rxc4 d5 27. Rc7 d4
28. exd4 Rxd4 29. Rxa7 Rf7 30. Raxb7 Rxc7 31. Rxc7 Rxf4 32. Kg2 h5 33. Re7 Rb4
34. Rxe6 Kf7 35. Rc6 Kg7 36. Bd5 g5 37. Bc4 Rb7 38. Rc5 Kf6 39. Rb5 Rd7 40. Kf3
Rd4 41. Rb6+ Ke5 42. Re6# 1-0

[Event "MCR mladeze 2014, D14"]
[Site "Kouty nad Desnou"]
[Date "2014.03.14"]
[Round "8"]
[White "Dancakova, Klara"]
[Black "Masakova, Petra"]
[Result "0-1"]
[WhiteElo "1209"]
[BlackElo "1553"]
[PlyCount "58"]
[EventDate "2014.03.08"]

1. e4 c5 2. Nf3 d6 3. d4 cxd4 4. Nxd4 Nf6 5.
Nc3 a6 6. Bc4 e6 7. Be3 b5 8. Be2 b4 9. Nb1 Nxe4 10. Nd2 Nxd2 11. Qxd2 d5 12.
O-O Bd6 13. g3 O-O 14. Qd3 Qc7 15. Rac1 Qd7 16. c3 Bb7 17. cxb4 Bxb4 18. Bf3
Nc6 19. Nxc6 Bxc6 20. a3 Bb5 21. Qb3 Bxf1 22. Rxf1 Bd6 23. Rd1 Rab8 24. Qa2
Rfc8 25. Bxd5 exd5 26. Rxd5 Qe6 27. Kg2 Rb5 28. Kg1 Qxd5 29. Qxd5 Rxd5 0-1

[Event "MCR mladeze 2014, D14"]
[Site "Kouty nad Desnou"]
[Date "2014.03.14"]
[Round "8"]
[White "Hunova, Zuzana"]
[Black "Tumova, Anna"]
[Result "0-1"]
[WhiteElo "1085"]
[BlackElo "1496"]
[PlyCount "92"]
[EventDate "2014.03.08"]

1. e4 e5 2. Nf3 Nc6 3. Bb5 a6 4. Bxc6 dxc6 5.
Nc3 Bd6 6. d4 exd4 7. Nxd4 Bc5 8. Be3 Bb6 9. O-O Nf6 10. Qd2 O-O 11. Rad1 Re8
12. Bg5 Be6 13. Nxe6 Qxd2 14. Rxd2 Rxe6 15. Bxf6 Rxf6 16. e5 Rf5 17. Re1 Re8
18. g3 g6 19. Rde2 Bd4 20. g4 Rfxe5 21. Rxe5 Rxe5 22. Rxe5 Bxe5 23. h3 Bxc3 24.
bxc3 Kg7 25. Kg2 Kf6 26. Kf3 Ke5 27. h4 f5 28. h5 fxg4+ 29. Kxg4 gxh5+ 30. Kg3
h4+ 31. Kh3 Kf4 32. c4 c5 33. a3 Kf3 34. Kxh4 Kxf2 35. Kg4 Ke3 36. Kf5 Kd4 37.
Ke6 Kxc4 38. Kd7 h5 39. Kxc7 b5 40. Kb6 h4 41. Kxa6 h3 42. Ka5 h2 43. a4 bxa4
44. Kxa4 h1=Q 45. Ka3 Qb1 46. Ka4 Qb4# 0-1

[Event "MCR mladeze 2014, D14"]
[Site "Kouty nad Desnou"]
[Date "2014.03.14"]
[Round "8"]
[White "Korenova, Magdalena"]
[Black "Dolezalova, Josefina"]
[Result "1-0"]
[WhiteElo "1400"]
[BlackElo "1100"]
[PlyCount "43"]
[EventDate "2014.03.08"]

1. e4 e5 2. Nf3 Nc6 3. Bb5 Bc5 4. Bxc6 bxc6 5. Nxe5 Nh6 6. d4
Bb4+ 7. c3 Bd6 8. Nf3 O-O 9. Bxh6 gxh6 10. O-O Be7 11. Nbd2 d6 12. h3 Be6 13.
Re1 Bf6 14. Qa4 Bd7 15. Qc2 Qe7 16. e5 dxe5 17. dxe5 Bg7 18. Qe4 Rab8 19. Nb3
Rb5 20. Rad1 Rb6 21. Qd4 Rd8 22. Nc5 1-0

[Event "MCR mladeze 2014, D14"]
[Site "Kouty nad Desnou"]
[Date "2014.03.15"]
[Round "9"]
[White "Nemcova, Kamila"]
[Black "Vlkova, Anezka"]
[Result "1/2-1/2"]
[WhiteElo "1659"]
[BlackElo "1440"]
[PlyCount "59"]
[EventDate "2014.??.??"]

1. e4 e5 2. Nf3 Nf6 3. Nxe5 d6 4. Nf3 Nxe4 5. c4 c6 6. Nc3 Nxc3 7. dxc3 Bf5 8.
Be2 Be7 9. O-O O-O 10. Be3 Nd7 11. Qd2 Nf6 12. Rad1 Qd7 13. Qc1 Rfe8 14. Rfe1
b6 15. Nd4 Be4 16. Bf3 Bxf3 17. Nxf3 Qb7 18. Bf4 d5 19. cxd5 Nxd5 20. Bg3 Rad8
21. Qc2 Qc8 22. Qa4 a6 23. Nd4 b5 24. Qc2 Bf6 25. Re2 Rxe2 26. Nxe2 Nb6 27. h3
Rxd1+ 28. Qxd1 h6 29. Nc1 Qe6 30. Nb3 1/2-1/2

[Event "MCR mladeze 2014, D14"]
[Site "Kouty nad Desnou"]
[Date "2014.03.15"]
[Round "9"]
[White "Koci, Tereza"]
[Black "Brunova, Blanka"]
[Result "0-1"]
[WhiteElo "1473"]
[BlackElo "1568"]
[PlyCount "90"]
[EventDate "2014.??.??"]

1. d4 Nf6 2. Nf3 g6 3. g3 Bg7 4. Bg2 O-O 5. O-O d6 6. Bf4 Nbd7 7. c4 c5 8. Be3
Ng4 9. Nc3 Nxe3 10. fxe3 Rb8 11. Rc1 Nf6 12. h3 a6 13. a4 Bd7 14. Qd3 Qe8 15.
b3 b5 16. axb5 axb5 17. Ra1 b4 18. Na4 Bf5 19. Qd1 Bh6 20. Qc1 Qc8 21. Kh2 Qe6
22. d5 Qxe3 23. Qxe3 Bxe3 24. Ra2 Ne4 25. Nh4 Nc3 26. Nxf5 Nxa2 27. Nxe3 Rfe8
28. Be4 Nc3 29. Nxc3 bxc3 30. Bc2 e6 31. Re1 Ra8 32. Rc1 exd5 33. Nxd5 Rxe2+
34. Kg1 Ra2 35. Nxc3 Raxc2 36. Nxe2 Rxe2 37. Rd1 Re3 38. Rxd6 Rxg3+ 39. Kh2 Rg5
40. Rd3 Kf8 41. Re3 f6 42. Rf3 Ke7 43. Re3+ Kd6 44. Rd3+ Ke5 45. Rd7 h5 0-1

[Event "MCR mladeze 2014, D14"]
[Site "Kouty nad Desnou"]
[Date "2014.03.15"]
[Round "9"]
[White "Ambrozova, Lucie"]
[Black "Zlamana, Anna"]
[Result "1-0"]
[WhiteElo "1480"]
[BlackElo "1489"]
[PlyCount "79"]
[EventDate "2014.??.??"]

1. e4 e5 2. Nc3 Nf6 3. f4 d5 4. fxe5 Nxe4 5. Nf3 Bc5 6. d4 Bb4 7. Bd2 Bg4 8.
Be2 Nc6 9. O-O O-O 10. Be1 Ba5 11. Kh1 Bb6 12. Qd3 Bf5 13. Qe3 Nb4 14. Rc1 Nxc3
15. Bxc3 Nxa2 16. Ra1 Nxc3 17. Qxc3 Bg6 18. Qd2 Rc8 19. Ng5 h6 20. Nh3 Qd7 21.
Nf4 Be4 22. Nh5 Qe7 23. Nf6+ Kh8 24. c4 c6 25. c5 Bd8 26. Rxa7 Rc7 27. Nxe4
dxe4 28. Qf4 f5 29. g4 g5 30. Qe3 Qh7 31. gxf5 Rxf5 32. Rxf5 Qxf5 33. Ra8 Rd7
34. h3 Qh7 35. Bg4 Rd5 36. Be6 Qe7 37. Bxd5 cxd5 38. Qa3 g4 39. c6 bxc6 40.
Qxe7 1-0

[Event "MCR mladeze 2014, D14"]
[Site "Kouty nad Desnou"]
[Date "2014.03.15"]
[Round "9"]
[White "Vavrinkova, Eliska"]
[Black "Koucha, Maryam Amina"]
[Result "0-1"]
[WhiteElo "1488"]
[BlackElo "1527"]
[PlyCount "60"]
[EventDate "2014.??.??"]

1. d4 d5 2. Nf3 Nf6 3. c4 e6 4. cxd5 exd5 5. Nc3 Nbd7 6. Bg5 c6 7. e3 Qa5 8.
Qc2 Bb4 9. Bd3 O-O 10. O-O Bxc3 11. bxc3 Re8 12. Rfc1 Ne4 13. Bh4 Ndf6 14. Ne5
c5 15. f3 c4 16. Bxe4 dxe4 17. fxe4 Qa6 18. Bxf6 Qxf6 19. Qf2 Qe6 20. Qf5 Qe7
21. Qf3 b5 22. Rab1 a6 23. h3 Bb7 24. Qf5 f6 25. d5 Qxe5 26. Qd7 Re7 27. Qg4
Qxe4 28. Qxe4 Rxe4 29. d6 Rd8 30. Rd1 Re6 0-1

[Event "MCR mladeze 2014, D14"]
[Site "Kouty nad Desnou"]
[Date "2014.03.15"]
[Round "9"]
[White "Kralova, Josefina"]
[Black "Volaninova, Sarka"]
[Result "1/2-1/2"]
[WhiteElo "1551"]
[BlackElo "1556"]
[PlyCount "91"]
[EventDate "2014.??.??"]

1. e4 c5 2. Nc3 Nc6 3. g3 g6 4. Bg2 Bg7 5. d3 Nf6 6. f4 O-O 7. Nf3 d6 8. O-O
Bd7 9. h3 Qb6 10. Kh2 Rac8 11. Rb1 h6 12. Be3 Be6 13. Qd2 Kh7 14. Ne2 Bxa2 15.
Ra1 Be6 16. g4 Ne8 17. d4 cxd4 18. Nfxd4 Qc7 19. Nb5 Qd8 20. Nxa7 Nxa7 21. Rxa7
Qc7 22. c3 Bc4 23. Rfa1 Rb8 24. Ng3 Qd7 25. e5 d5 26. R7a4 Bb5 27. Rd4 e6 28.
c4 Bc6 29. cxd5 exd5 30. Bxd5 Bxd5 31. Rxd5 Qc6 32. Rc1 Qa4 33. Ra5 Qb3 34. Qc3
Qxc3 35. Rxc3 Bh8 36. Ne4 f6 37. Rd3 fxe5 38. Rd7+ Kg8 39. fxe5 g5 40. Kg2 b5
41. Ba7 Rc8 42. Rxb5 Rc2+ 43. Rd2 Rc7 44. Bd4 Rff7 45. e6 Rf4 46. Bxh8 1/2-1/2

[Event "MCR mladeze 2014, D14"]
[Site "Kouty nad Desnou"]
[Date "2014.03.15"]
[Round "9"]
[White "Kalinova, Eliska"]
[Black "Kopcova, Ludmila"]
[Result "0-1"]
[WhiteElo "1312"]
[BlackElo "1618"]
[PlyCount "60"]
[EventDate "2014.03.08"]

1. e4 d6 2. Nf3 Nf6 3. Nc3 e5 4. Bc4 Be7 5. d3 Nc6 6. Be3 Be6 7. Bb3 Na5 8. h3
Nxb3 9. axb3 a6 10. Qd2 Qd7 11. d4 exd4 12. Nxd4 Rd8 13. O-O-O d5 14. Nxe6 fxe6
15. exd5 exd5 16. Bd4 c6 17. Rhe1 O-O 18. g4 Bb4 19. Re3 Ne4 20. Qe1 Nxf2 21.
Rd2 Qf7 22. Rde2 Ne4 23. Qd1 Bxc3 24. Bxc3 Qc7 25. b4 Rf7 26. Qd4 Rdf8 27. Kb1
Rf1+ 28. Ka2 Qf7 29. Qe5 d4+ 30. Ka3 Ra1# 0-1

[Event "MCR mladeze 2014, D14"]
[Site "Kouty nad Desnou"]
[Date "2014.03.15"]
[Round "9"]
[White "Vitova, Anna"]
[Black "Bierska, Adela"]
[Result "0-1"]
[WhiteElo "1575"]
[BlackElo "1472"]
[PlyCount "58"]
[EventDate "2014.03.08"]

1. e4 e5 2. Nf3 Nc6 3. d4 exd4 4. c3 d5 5. exd5 Qxd5 6. cxd4 Bg4 7. Be2 O-O-O
8. Be3 Nf6 9. Nc3 Qa5 10. O-O Nd5 11. Nxd5 Qxd5 12. Qa4 Kb8 13. h3 Bh5 14. Rfd1
g5 15. Rac1 Bd6 16. Rd2 f6 17. Rdc2 g4 18. Ne1 gxh3 19. Bf1 hxg2 20. Bxg2 Rhg8
21. Rxc6 Rxg2+ 22. Nxg2 Rg8 23. Kf1 Qxg2+ 24. Ke1 Qf3 25. R6c2 Rg1+ 26. Kd2
Rd1+ 27. Kc3 Bg6 28. Rxd1 Qxd1 29. Qc4 Qxc2# 0-1

[Event "MCR mladeze 2014, D14"]
[Site "Kouty nad Desnou"]
[Date "2014.03.15"]
[Round "9"]
[White "Masakova, Petra"]
[Black "Dolezalova, Josefina"]
[Result "1-0"]
[WhiteElo "1553"]
[BlackElo "1100"]
[PlyCount "62"]
[EventDate "2014.03.08"]

1. d4 Nf6 2. Nf3 e6 3. c4 Bb4+ 4. Bd2 Be7 5. e3 O-O 6. Bd3 d5 7. O-O Nc6 8. Bc3
Bd7 9. Nbd2 Bd6 10. b3 Qe7 11. c5 Bxh2+ 12. Nxh2 b6 13. cxb6 cxb6 14. Rc1 Rab8
15. Bb1 b5 16. Qc2 g6 17. Ndf3 Rfc8 18. Qe2 b4 19. Bb2 Rb7 20. Ne5 Rcc7 21.
Nxc6 Bxc6 22. Nf3 Nd7 23. Ne5 Nxe5 24. dxe5 Rb6 25. Bd4 Rbb7 26. Bd3 Qd7 27.
Bc5 Rc8 28. Ba6 Rbc7 29. Bxc8 Rxc8 30. Bxb4 Qd8 31. Ba5 Qg5 1-0

[Event "MCR mladeze 2014, D14"]
[Site "Kouty nad Desnou"]
[Date "2014.03.15"]
[Round "9"]
[White "Kratochvilova, Kristyna"]
[Black "Korenova, Magdalena"]
[Result "0-1"]
[WhiteElo "1461"]
[BlackElo "1400"]
[PlyCount "48"]
[EventDate "2014.03.08"]

1. e4 e5 2. Nf3 Nc6 3. Bc4 Nf6 4. Ng5 d5 5. exd5 Nd4 6. d6 Qxd6 7. Nxf7 Qc6 8.
Nxh8 Qxg2 9. Rf1 Qe4+ 10. Qe2 Nxe2 11. Bxe2 Qd5 12. Nc3 Qg8 13. d3 Qxh8 14. Bg5
Bb4 15. O-O-O Bxc3 16. bxc3 Qf8 17. Rfe1 Qa3+ 18. Kb1 Qxc3 19. Bxf6 gxf6 20. d4
Bf5 21. Bd3 Qb4+ 22. Kc1 Bxd3 23. cxd3 Qxd4 24. f3 Qa1+ 0-1

[Event "MCR mladeze 2014, D14"]
[Site "Kouty nad Desnou"]
[Date "2014.03.15"]
[Round "9"]
[White "Tumova, Anna"]
[Black "Dancakova, Klara"]
[Result "1-0"]
[WhiteElo "1496"]
[BlackElo "1209"]
[PlyCount "31"]
[EventDate "2014.03.08"]

1. e4 e6 2. d4 d5 3. exd5 exd5 4. Bd3 c5 5. c3 cxd4 6. cxd4 Nc6 7. Be3 Qb6 8.
b3 Bb4+ 9. Nd2 Nf6 10. Ne2 O-O 11. O-O Qc7 12. Qc2 Re8 13. Ng3 g6 14. Nf3 Bg4
15. Be2 a6 16. Bd3 {Necitelny zapis} 1-0

[Event "MCR mladeze 2014, D14"]
[Site "Kouty nad Desnou"]
[Date "2014.03.15"]
[Round "9"]
[White "Vrbova, Eva"]
[Black "Hunova, Zuzana"]
[Result "1-0"]
[WhiteElo "1357"]
[BlackElo "1085"]
[PlyCount "43"]
[EventDate "2014.03.08"]

1. e4 e5 2. Nf3 Nc6 3. Bc4 Nf6 4. Nc3 Bb4 5. d3 d6 6. Bd2 Bxc3 7. Bxc3 Bg4 8.
h3 Bh5 9. g4 Bg6 10. Qe2 Qd7 11. O-O-O O-O-O 12. Nd2 b6 13. Ba6+ Kb8 14. Rhf1
Ka8 15. f4 exf4 16. Rxf4 Qe7 17. Nb3 Rd7 18. Qf3 h5 19. Bxf6 hxg4 20. hxg4 gxf6
21. e5 Rb8 22. Qxc6+ 1-0

[Event "MCR mladeze 2014, D16"]
[Site "Kouty nad Desnou"]
[Date "2014.03.08"]
[Round "1"]
[White "Pychova, Nela"]
[Black "Dolezalova, Lada"]
[Result "1-0"]
[WhiteElo "1990"]
[BlackElo "1606"]
[PlyCount "113"]
[EventDate "2014.??.??"]

1. c4 e5 2. Nc3 Nc6 3. g3 f5 4. Bg2 Nf6 5. d3 Be7 6. e3 O-O 7. Nge2 a6 8. O-O
d6 9. Rb1 Be6 10. Nd5 Rb8 11. b4 Na7 12. a4 c6 13. Nxe7+ Qxe7 14. Nc3 d5 15.
cxd5 Nxd5 16. Nxd5 Bxd5 17. e4 fxe4 18. Be3 Nc8 19. Bc5 Qf6 20. Bxf8 Qxf8 21.
dxe4 Bc4 22. Re1 Nd6 23. Qd2 Qf6 24. Rbd1 Rd8 25. Qc3 Bf7 26. Rd3 Bg6 27. Red1
Nf7 28. Rxd8+ Nxd8 29. Qd3 Ne6 30. Qd7 Nd4 31. Qxb7 Bh5 32. Qc8+ Kf7 33. g4 Bg6
34. Qxa6 Qf4 35. Qc4+ Kf6 36. Qd3 Qxg4 37. Re1 Bh5 38. a5 Qg6 39. Re3 Qe8 40.
h3 Qb8 41. Qc4 Bf7 42. Qc5 Qc8 43. Qb6 Bc4 44. Kh2 Bb5 45. Ra3 Nc2 46. Rf3+ Kg6
47. Qc5 Nd4 48. Qd6+ Ne6 49. Qxe5 Be2 50. Qf5+ Kh6 51. Rg3 Qd7 52. h4 g6 53.
Qe5 Qf7 54. f3 Nf4 55. Qg5+ Kg7 56. h5 Nxh5 57. Qxh5 1-0

[Event "MCR mladeze 2014, D16"]
[Site "Kouty nad Desnou"]
[Date "2014.03.08"]
[Round "1"]
[White "Tajovska, Martina"]
[Black "Janska, Jitka"]
[Result "0-1"]
[WhiteElo "1575"]
[BlackElo "1954"]
[PlyCount "68"]
[EventDate "2014.??.??"]

1. e4 c5 2. Nc3 d6 3. f4 g6 4. Nf3 Bg7 5. Bc4 Nc6 6. d3 e6 7. O-O Nge7 8. Qe1
O-O 9. Kh1 a6 10. a3 Qc7 11. Qh4 Nd4 12. Nxd4 cxd4 13. Ne2 Nc6 14. Bd2 Qd8 15.
Qxd8 Rxd8 16. Rf2 b5 17. Bb3 Ra7 18. Raf1 a5 19. Ng3 Ne7 20. c4 bxc4 21. Bxc4
d5 22. exd5 Nxd5 23. Ne4 Ne3 24. Rc1 Nxc4 25. dxc4 Bb7 26. Nc5 Bc6 27. b4 axb4
28. axb4 Bf8 29. Nd3 Be4 30. Ne5 Ra2 31. b5 Bb4 32. Rd1 Rda8 33. Be1 Ra1 34.
Rxa1 Rxa1 0-1

[Event "MCR mladeze 2014, D16"]
[Site "Kouty nad Desnou"]
[Date "2014.03.08"]
[Round "1"]
[White "Fuskova, Martina"]
[Black "Novotna, Barbora"]
[Result "1-0"]
[WhiteElo "1942"]
[BlackElo "1546"]
[PlyCount "57"]
[EventDate "2014.??.??"]

1. e4 e5 2. Nf3 Nc6 3. Bc4 Bc5 4. O-O Nf6 5. d4 Nxd4 6. Nxe5 O-O 7. Be3 Ne6 8.
Bxe6 fxe6 9. Bxc5 d6 10. Ba3 Nxe4 11. Nf3 Qf6 12. Nbd2 Nxd2 13. Nxd2 Qg5 14.
Ne4 Qg6 15. f3 e5 16. Qd5+ Qe6 17. Qxe6+ Bxe6 18. Rad1 Rad8 19. Rfe1 h6 20. b3
Rfe8 21. c4 Bf5 22. Nc3 a6 23. Nd5 Rd7 24. h3 Kf7 25. Rd2 Be6 26. Kf2 Bxd5 27.
Rxd5 Rde7 28. Re4 Kf6 29. c5 1-0

[Event "MCR mladeze 2014, D16"]
[Site "Kouty nad Desnou"]
[Date "2014.03.08"]
[Round "1"]
[White "Kubosova, Hana"]
[Black "Kanakova, Natalie"]
[Result "0-1"]
[WhiteElo "1509"]
[BlackElo "1886"]
[PlyCount "100"]
[EventDate "2014.??.??"]

1. c4 Nf6 2. Nc3 e6 3. g3 Bb4 4. Bg2 O-O 5. Nf3 c5 6. O-O Nc6 7. d3 d5 8. cxd5
exd5 9. a3 Bxc3 10. bxc3 Re8 11. Bg5 h6 12. Bxf6 Qxf6 13. d4 c4 14. Re1 Bg4 15.
h3 Bf5 16. Nd2 Rad8 17. Bxd5 Rxd5 18. e4 Rdd8 19. exf5 Qxf5 20. Nxc4 Qxh3 21.
Qf3 Qd7 22. Rad1 b5 23. Nd2 Ne7 24. Ne4 Qc6 25. Rd3 Nd5 26. Qd1 Rxe4 27. Rxe4
Nxc3 28. Qc2 Qxe4 29. Qxc3 Qd5 30. Qd2 a6 31. Qe3 a5 32. f4 b4 33. axb4 axb4
34. Qe5 Qc4 35. Qe3 Kf8 36. Kf2 Qc2+ 37. Qe2 Qc6 38. Qf3 Qb6 39. Qe3 Re8 40.
Qf3 Rb8 41. Qe3 b3 42. Rd1 b2 43. Rb1 Kg8 44. Qc3 Qb7 45. Qc2 Qb4 46. Qd3 Rd8
47. Ke3 Rc8 48. Qd2 Re8+ 49. Kd3 Qb5+ 50. Kc3 Rc8# 0-1

[Event "MCR mladeze 2014, D16"]
[Site "Kouty nad Desnou"]
[Date "2014.03.08"]
[Round "1"]
[White "Suchomelova, Simona"]
[Black "Benesova, Martina"]
[Result "1-0"]
[WhiteElo "1818"]
[BlackElo "1496"]
[PlyCount "101"]
[EventDate "2014.??.??"]

1. e4 e6 2. d4 d5 3. Nd2 Nf6 4. e5 Nfd7 5. Bd3 c5 6. c3 Nc6 7. Ne2 Qb6 8. Nf3
Be7 9. O-O cxd4 10. cxd4 O-O 11. a3 a5 12. Bc2 f5 13. exf6 Bxf6 14. Qd3 g6 15.
Bh6 Bg7 16. Bxg7 Kxg7 17. Ng3 Nf6 18. h4 Bd7 19. Rfe1 Ne7 20. h5 Rac8 21. b3
Bb5 22. Qd2 Nf5 23. Nxf5+ exf5 24. Re7+ Rf7 25. Rxf7+ Kxf7 26. hxg6+ hxg6 27.
Ne5+ Kg8 28. Nxg6 Rc7 29. Bxf5 Be8 30. Re1 Ne4 31. Bxe4 dxe4 32. Ne5 Qxb3 33.
Qxa5 b6 34. Qa8 Re7 35. Qxe4 Qxa3 36. Qg4+ Kf8 37. Qf5+ Kg8 38. Qg4+ Kf8 39.
Qf4+ Kg8 40. Qg5+ Kf8 41. Qf6+ Kg8 42. Qxb6 Qc3 43. Rd1 Qc2 44. Qb1 Qc3 45. Rd3
Qc7 46. Rg3+ Rg7 47. Qb3+ Bf7 48. Rxg7+ Kxg7 49. Qxf7+ Qxf7 50. Nxf7 Kxf7 51.
Kf1 1-0

[Event "MCR mladeze 2014, D16"]
[Site "Kouty nad Desnou"]
[Date "2014.03.08"]
[Round "1"]
[White "Hartingerova, Martina"]
[Black "Mackova, Veronika"]
[Result "0-1"]
[WhiteElo "1458"]
[BlackElo "1747"]
[PlyCount "124"]
[EventDate "2014.??.??"]

1. d4 Nf6 2. c4 e6 3. Nf3 d5 4. Nc3 Nbd7 5. cxd5 exd5 6. Bg5 Be7 7. e3 c6 8.
Bd3 O-O 9. O-O Re8 10. Qc2 Nf8 11. Rfe1 Bg4 12. Ne5 Be6 13. a3 h6 14. Bh4 Rc8
15. Rac1 c5 16. dxc5 Bxc5 17. Bb5 N8d7 18. Nxd5 Nxe5 19. Nxf6+ gxf6 20. Bxe8
Qxe8 21. Bxf6 Ng4 22. Bc3 Qe7 23. h3 Nf6 24. Bb4 Bxb4 25. Qxc8+ Bxc8 26. Rxc8+
Kg7 27. axb4 Qxb4 28. Re2 Nd5 29. Rec2 Qb6 30. R8c4 Kh7 31. Rd4 Qb3 32. Rcd2
Nf6 33. R4d3 Qb5 34. Rd4 Qa5 35. Rd1 Qb5 36. R1d2 Qf5 37. Rf4 Qe5 38. Rfd4 Ne4
39. f4 Qe6 40. R2d3 Nc5 41. Rc3 Qb6 42. Rdc4 Na6 43. b3 Qg6 44. b4 Qg3 45. Rb3
b6 46. Rd4 Nc7 47. Rd7 Ne6 48. Rxf7+ Kg6 49. Rxa7 Nxf4 50. Ra2 Nxh3+ 51. Kf1
Ng5 52. Rc2 Ne4 53. b5 Qg4 54. Rc6+ Kh5 55. Rd3 Ng3+ 56. Kg1 Ne2+ 57. Kf1 Ng3+
58. Kg1 Qf5 59. Rdd6 Ne2+ 60. Kh1 Qf1+ 61. Kh2 Qg1+ 62. Kh3 Qh1# 0-1

[Event "MCR mladeze 2014, D16"]
[Site "Kouty nad Desnou"]
[Date "2014.03.08"]
[Round "1"]
[White "Beluska, Tereza"]
[Black "Pokorna, Jana"]
[Result "1/2-1/2"]
[WhiteElo "1660"]
[BlackElo "1378"]
[PlyCount "76"]
[EventDate "2014.??.??"]

1. e4 e5 2. Nf3 Nc6 3. Nc3 Nf6 4. Bb5 d6 5. O-O Bd7 6. d3 h6 7. h3 a6 8. Bxc6
Bxc6 9. Re1 Be7 10. Ne2 O-O 11. Ng3 Nh7 12. b3 Ng5 13. Bb2 Nxf3+ 14. Qxf3 Bg5
15. Rad1 Qf6 16. Qe2 Qe6 17. Nf5 g6 18. Ne3 Bxe3 19. Qxe3 Kh7 20. d4 exd4 21.
Qxd4 Rg8 22. Re3 Rae8 23. Rde1 Qe5 24. Qxe5 dxe5 25. f3 f6 26. Rd3 Rd8 27. Red1
Rxd3 28. cxd3 Rd8 29. d4 Kg7 30. d5 Be8 31. Bc3 b6 32. Rd2 a5 33. a3 Rd6 34. b4
a4 35. g3 c6 36. dxc6 Rxc6 37. Bb2 Kf7 38. f4 exf4 1/2-1/2

[Event "MCR mladeze 2014, D16"]
[Site "Kouty nad Desnou"]
[Date "2014.03.08"]
[Round "1"]
[White "Homolkova, Ivana"]
[Black "Kubosova, Jana"]
[Result "0-1"]
[WhiteElo "1341"]
[BlackElo "1653"]
[PlyCount "52"]
[EventDate "2014.??.??"]

1. e4 c5 2. Nf3 e6 3. d4 cxd4 4. Nxd4 Nf6 5. Nc3 Nc6 6. Be3 Bb4 7. Bd3 d5 8.
Nxc6 bxc6 9. exd5 cxd5 10. Bb5+ Bd7 11. O-O O-O 12. Bxd7 Qxd7 13. Bd4 Be7 14.
Re1 Rac8 15. Re3 Rfd8 16. Qf3 Rc4 17. Rd1 Ne4 18. Qg4 f6 19. Nxe4 dxe4 20. Rg3
Bc5 21. Qxg7+ Qxg7 22. Rxg7+ Kxg7 23. Bxf6+ Kxf6 24. Rxd8 Rxc2 25. h3 Bxf2+ 26.
Kh2 e3 0-1

[Event "MCR mladeze 2014, D16"]
[Site "Kouty nad Desnou"]
[Date "2014.03.09"]
[Round "2"]
[White "Mackova, Veronika"]
[Black "Pychova, Nela"]
[Result "1-0"]
[WhiteElo "1747"]
[BlackElo "1990"]
[PlyCount "125"]
[EventDate "2014.??.??"]

1. e4 c5 2. Nf3 d6 3. d4 cxd4 4. Nxd4 Nf6 5. Nc3 g6 6. f4 Nc6 7. Nb3 Bg7 8. Qf3
O-O 9. h3 Be6 10. Be3 Rc8 11. Bd3 a6 12. O-O Qc7 13. Rae1 b5 14. Nd4 Nxd4 15.
Bxd4 Bc4 16. Kh1 b4 17. Nd5 Bxd5 18. exd5 Qa5 19. Rxe7 Qxd5 20. Qxd5 Nxd5 21.
Bxg7 Nxe7 22. Bxf8 Kxf8 23. Re1 Rc5 24. g4 Nd5 25. Re4 a5 26. Kh2 Nb6 27. Kg3
d5 28. Re2 Na4 29. b3 Nc3 30. Re5 Nxa2 31. Kf3 Nc3 32. Ke3 Rc6 33. Kd4 f6 34.
Re1 Kf7 35. Ra1 Re6 36. Rxa5 Re1 37. Ra7+ Kg8 38. Rb7 Rh1 39. Rxb4 Nd1 40. Rb8+
Kg7 41. Kxd5 Rxh3 42. Rb7+ Kh6 43. Ke6 Rg3 44. Kxf6 Rxg4 45. Be2 Rxf4+ 46. Ke5
Rf5+ 47. Kd4 Nf2 48. c4 Nh3 49. Bd3 Rf6 50. Ke5 Rf3 51. Be4 Rc3 52. Kd4 Rc1 53.
c5 Ng5 54. Bd5 Rd1+ 55. Ke5 Re1+ 56. Kd6 Rd1 57. c6 Ne4+ 58. Ke5 Nc3 59. Bg8
Rd8 60. Rxh7+ Kg5 61. c7 Re8+ 62. Be6 Nb5 63. c8=Q 1-0